|
|
|
|
| LEADER |
00000cam a2200000 a 4500 |
| 001 |
vtls001096923 |
| 003 |
SK-MaSNL |
| 005 |
20260302024825.0 |
| 008 |
250313s1981 xo a e n 000 0 slo |
| 015 |
|
|
|a SNBA1982/01
|
| 035 |
|
|
|a SNK000039765
|
| 035 |
|
|
|a urn:nbn:sk:snk-aml5tb
|
| 035 |
|
|
|a urn:nbn:sk:snk-am008vab
|
| 035 |
|
|
|a 425E82BE-1641-476E-B216-4504196F2B5F
|
| 040 |
|
|
|a SNK
|b slo
|c SNK
|e AACR2
|
| 041 |
0 |
|
|a slo
|
| 044 |
|
|
|a xo
|c SK
|
| 080 |
|
|
|a 658.511(075.8)
|2 1981
|
| 100 |
1 |
|
|a Rybár, Andrej
|4 aut
|9 279645
|
| 245 |
1 |
0 |
|a Technicko-ekonomické rozbory
|c Andrej Rybár, Eva Jakubcová
|
| 250 |
|
|
|a 2. vyd.
|
| 260 |
|
|
|a Bratislava
|b Alfa
|c 1981
|
| 300 |
|
|
|a 199 s., 16,48 AH
|b grafy, sch., tab.
|c 29 cm
|
| 366 |
|
|
|e 200 výt.
|
| 490 |
1 |
|
|a Dočasná vysokoškolská učebnica
|
| 504 |
|
|
|a Bibliogr.
|
| 650 |
0 |
7 |
|a výroba
|2 SNKPH
|9 15916
|
| 650 |
0 |
7 |
|a ekonomická analýza
|2 SNKPH
|9 76011
|
| 655 |
|
7 |
|a učebnice vysokých škôl
|2 SNKPH
|9 70191
|
| 700 |
1 |
|
|a Jakubcová, Eva,
|d 1941-
|4 aut
|9 40678
|
| 830 |
|
0 |
|a Dočasná vysokoškolská učebnica
|9 279156
|
| 852 |
|
|
|a Slovenská národná knižnica
|
| 958 |
|
|
|a NB
|
| 958 |
|
|
|a TL
|
| 958 |
|
|
|a UV
|
| 958 |
|
|
|a OND
|
| 999 |
|
|
|c 1041913
|d 1043843
|
| 952 |
|
|
|a SNK
|b SNK
|y PREZ
|7 0
|p 17A0992470
|o snkSB 32969
|i snkKSP 11575/81
|0 0
|1 0
|4 0
|d 2014-11-27
|f 1
|l 0
|r 2025-04-07 00:00:00
|w 2026-02-24
|
| 952 |
|
|
|a SNK
|b SNK
|y VYP
|7 0
|o snkSB 32969 D1
|i snkKSP 11576/81
|0 0
|1 0
|4 0
|d 2014-11-27
|l 0
|r 2026-02-24 14:27:31
|w 2026-02-24
|
| 952 |
|
|
|a SNK
|b SNK
|y VYP
|7 0
|o snkSB 32969 D2
|i snkKSP 10324/84
|0 0
|1 0
|4 0
|d 2014-11-27
|l 0
|r 2026-02-24 14:27:31
|w 2026-02-24
|